Boy Bands and Girl Bands Songs - Statistics

General Stats
  • This quiz has been taken 152 times
  • The average score is 17 of 40
Answer Stats
Hint Answer % Correct
What Makes You Beautiful One Direction
94%
I Want It That Way Backstreet Boys
91%
Bye Bye Bye *NSYNC
82%
Survivor Destiny's Child
76%
No Scrubs TLC
72%
Don't Cha The Pussycat Dolls
70%
Viva Forever Spice Girls
67%
MMMBop Hanson
66%
Black Magic Little Mix
66%
End of the Road Boyz II Men
58%
Back for Good Take That
58%
World of Our Own Westlife
56%
Work from Home Fifth Harmony
54%
Glad You Came The Wanted
51%
Truly Madly Deeply Savage Garden
49%
No Matter What Boyzone
45%
Sound of the Underground Girls Aloud
43%
Push It Salt-N-Pepa
42%
Stop! In the Name of Love The Supremes
42%
Step by Step New Kids on the Block
40%
I'll Be There The Jackson 5
39%
Keep On Movin' Five
37%
All the Things She Said t.A.T.u.
36%
About You Now Sugababes
35%
Never Ever All Saints
33%
Fake Love BTS
33%
Venus Bananarama
32%
Kill This Love Blackpink
32%
I Do (Cherish You) 98 Degrees
29%
I Swear All-4-One
28%
Reggaetón Lento CNCO
24%
If You Come to Me Atomic Kitten
23%
Candy Girl New Edition
21%
Hold On Wilson Phillips
18%
8 Letters Why Don't We
17%
Bump, Bump, Bump B2K
16%
Damaged Danity Kane
15%
Mr. Taxi Girls' Generation
11%
I Am the Best 2NE1
10%
Do It To It Cherish
7%
No matching quizzes found
Score Distribution
Percent of People with Each Score
Percentile by Number Answered
Your Score History
You have not taken this quiz